000 00268nam a22001337a 4500
008 210305b ||||| |||| 00| 0 eng d
041 _aeng
080 _a32
082 _a32
100 _a19
101 _aSHP
245 _aOn Liberty
_cMill, J. S
942 _2udc
_cBK
999 _c55855
_d55855